| 000 | 00794nam a2200205Ii 4500 | ||
|---|---|---|---|
| 003 | JO-AjNU | ||
| 008 | 230605s9999||||xx |||||||||||||| ||und|| | ||
| 040 |
_aJO-AjNU _bara _erda _cJO-AjNU |
||
| 041 | _aara | ||
| 050 | 1 | 4 | _aPJ7750 2006 |
| 100 | 3 |
_aتأليف السرقسطي، أبي الطاهر محمد بن يوسف ؛ حققها وعلق عليها حسن الوراكلي, _eauthor _943325 |
|
| 245 | 0 | 0 | _aالمقامات اللزومية |
| 250 | _aط2 | ||
| 264 | 3 | 1 | _aعمان:جدارا للكتاب العالمي،2006 ؛ إربد:عالم الكتب الحديث،2006 |
| 300 | _a560ص | ||
| 336 |
_atext _btxt _2rdacontent |
||
| 337 |
_aunmediated _bn _2rdamedia |
||
| 338 |
_avolume _bnc _2rdacarrier |
||
| 650 | 4 |
_a المقامات العربية - الأندلس _943326 |
|
| 999 |
_aA18618 _c22186 _d22186 |
||